000 01348cab a22002175a 4500
001 L156471
008 120528e2012 xxk 000 0 eng d
035 _a(Sirsi) u156471
041 0 _aeng
110 2 _aCBRE
245 0 0 _aCBRE global office marketview
_bcommercial sluggishness Q1 2012
_h[electronic resource]
260 _a[S.l.]
_bCBRE
_c2012
490 0 _aCBRE Global Office Marketview
_vQ1 2012
520 _aThe effects of the broader economic strains were felt in Q1 2012 after several quarters of relatively good performance. Global demand slowed to a level not seen since emerging from recession in Q3 2009. Global vacancy consequently remained flat. Global completions outpaced net absorption for the first time since Q2 2010. On an annual basis the CBRE Global Rent Index still improved 3.4% with most of the growth happening in the earlier part of the period.
520 _aOverview -- global economies -- global demand and supply -- regional demand -- office completions -- vacancy -- rents -- conclusion.
590 _aKA
651 4 _aInternational
690 _aCommercial property
_96227
856 4 0 _uhttps://www.cbre.co.uk/portal/page/portal/uk_en/research
_zView the report (highlight Global in the Rest of Europe... location box and move it to the right hand box, then click on search) at www.cbre.co.uk
942 _n0
999 _c84030
_d84030